|
|
|
|
| LEADER |
02477cas a2200277 a 4500 |
| 001 |
AALejournalIMF022657 |
| 008 |
230101c9999 xx r poo 0 0eng d |
| 020 |
|
|
|c 5.00 USD
|
| 020 |
|
|
|z 9781513507750
|
| 022 |
|
|
|a 2663-3493
|
| 040 |
|
|
|a BD-DhAAL
|c BD-DhAAL
|
| 110 |
2 |
|
|a International Monetary Fund.
|b Strategy, Policy, and Review Department.
|
| 245 |
1 |
0 |
|a Development Committee :
|b The Managing Director's Written Statement April 2022.
|
| 264 |
|
1 |
|a Washington, D.C. :
|b International Monetary Fund,
|c 2022.
|
| 300 |
|
|
|a 1 online resource (5 pages)
|
| 490 |
1 |
|
|a Policy Papers
|
| 500 |
|
|
|a <strong>Off-Campus Access:</strong> No User ID or Password Required
|
| 500 |
|
|
|a <strong>On-Campus Access:</strong> No User ID or Password Required
|
| 506 |
|
|
|a Electronic access restricted to authorized BRAC University faculty, staff and students
|
| 520 |
3 |
|
|a The war in Ukraine risks derailing the global economic recovery at a time when many countries have yet to overcome the consequences of the Covid-19 pandemic. Disruptions have already a severe impact on commodity markets, trade, and financial conditions, while inflation has become a major challenge in many countries and is adding to social pressures. The combination of shocks amplifies complex policy trade-offs that require astute macroeconomic management, for Emerging Market and Developing Economies (EMDEs), this includes preparing for higher interest rates that would translate into costlier terms of borrowing. Fuel and food price increases as well as food insecurity affect vulnerable populations the most, especially in low-income developing countries (LIDCs). Moreover, many LIDCs have only minimal or no policy space to absorb the war's economic and financial spillovers. Reallocating spending and raising more revenues is paramount, as is advancing reforms that promote resilience. However, LIDCs also need support from the international community to finance priority expenditures and deal with often elevated debt burdens. Multilateral cooperation is more important than ever, and the IMF stands ready to help its members through policy advice, capacity development, and, where needed, financial support.
|
| 538 |
|
|
|a Mode of access: Internet
|
| 650 |
|
7 |
|a Monetary Policy
|2 imf
|
| 650 |
|
7 |
|a Money and Monetary Policy
|2 imf
|
| 650 |
|
7 |
|a Political Economy
|2 imf
|
| 830 |
|
0 |
|a Policy Papers
|
| 856 |
4 |
0 |
|z Full text available on IMF
|u https://elibrary.imf.org/openurl?genre=journal&issn=2663-3493
|z IMF e-Library
|